Cultura, religión, sociedad : (Record no. 190663)

MARC details
000 -LEADER
campo de control de longitud fija 01147nam a2200313 i 4500
001 - NÚMERO DE CONTROL
campo de control 190663
003 - IDENTIFICADOR DE NÚMERO DE CONTROL
campo de control ES-MaACL
005 - FECHA Y HORA DE LA ÚLTIMA TRANSACCIÓN
campo de control 20240130115142.0
008 - DATOS DE LONGITUD FIJA--INFORMACIÓN GENERAL
campo de control de longitud fija 220419s2018 sp 001 0 spa
020 ## - NÚMERO INTERNACIONAL ESTÁNDAR DEL LIBRO
Número Internacional Estándar del Libro 978-84-288-3270-0
080 ## - NÚMERO DE LA CLASIFICACIÓN DECIMAL UNIVERSAL
Número de la Clasificación Decimal Universal 821.134.4-92"19"
080 ## - NÚMERO DE LA CLASIFICACIÓN DECIMAL UNIVERSAL
Número de la Clasificación Decimal Universal 272-662
080 ## - NÚMERO DE LA CLASIFICACIÓN DECIMAL UNIVERSAL
Número de la Clasificación Decimal Universal 27:316.72
100 1# - ENTRADA PRINCIPAL--NOMBRE DE PERSONA
Nombre de persona González de Cardedal, Olegario.
9 (RLIN) 58532
245 10 - MENCIÓN DEL TÍTULO
Título Cultura, religión, sociedad :
Resto del título diagnóstico en ABC y El País (2007-2017) /
Mención de responsabilidad, etc. Olegario González de Cardedal.
260 ## - PUBLICACIÓN, DISTRIBUCIÓN, ETC.
Lugar de publicación, distribución, etc. Boadilla del Monte (Madrid) :
Nombre del editor, distribuidor, etc. PPC,
Fecha de publicación, distribución, etc. [2018]
300 ## - DESCRIPCIÓN FÍSICA
Extensión 359 p. ;
Dimensiones 22 cm.
490 1# - MENCIÓN DE SERIE
Mención de serie Actualidad ;
Designación de volumen o secuencia 166
500 ## - NOTA GENERAL
Nota general Índices.
594 ## - Nota al título y mención de responsabilidad
Nota al título y mención de responsabilidad Recoge una selección de artículos escritos por el autor en los periódicos ABC y El País
630 04 - PUNTO DE ACCESO ADICIONAL DE MATERIA--TÍTULO UNIFORME
Título uniforme ABC (Madrid. Ed. impresa)
9 (RLIN) 174396
630 34 - PUNTO DE ACCESO ADICIONAL DE MATERIA--TÍTULO UNIFORME
Título uniforme El País.
9 (RLIN) 174397
650 #4 - PUNTO DE ACCESO ADICIONAL DE MATERIA--TÉRMINO DE MATERIA
Término de materia o nombre geográfico como elemento de entrada Iglesia y mundo.
9 (RLIN) 136257
650 #4 - PUNTO DE ACCESO ADICIONAL DE MATERIA--TÉRMINO DE MATERIA
Término de materia o nombre geográfico como elemento de entrada Cristianismo y cultura.
9 (RLIN) 148276
830 1# - PUNTO DE ACCESO ADICIONAL DE SERIE-TÍTULO UNIFORME
Título uniforme Actualidad ;
Designación de volumen o secuencia 166
9 (RLIN) 179805
852 4# - LOCALIZACIÓN
Ubicación ES-MaACL
Número de control de estantería A-14936
itemnumber 197843
Sublocalización o colección R.152239
Ubicación en estantería Depósito 1
Signatura antigua Olim: N-7936
Anotaciones manuscritas Dedicatoria autógrafa de la editorial
Donativo/Legado Donación: Editorial
942 ## - ELEMENTOS DE ENTRADA SECUNDARIOS (KOHA)
Fuente del sistema de clasificación o colocación Clasificación decimal universal
Holdings
Estatus retirado Estado de pérdida Fuente del sistema de clasificación o colocación Estado de daño No para préstamo Colección Biblioteca de origen Biblioteca actual Ubicación en estantería Fecha de adquisición Fuente de adquisición Total de préstamos Signatura topográfica completa Código de barras Visto por última vez Precio de reemplazo Tipo de ítem Koha Nota pública
    Clasificación decimal universal     Libros con dedicatorias Biblioteca del Ateneo de Madrid Biblioteca del Ateneo de Madrid Depósito 1 19/04/2022 Donación   A-14936 1202895 23/02/2023 23/02/2023 Libro impreso Dedicatoria autógrafa del editor